|
|
|
|
| LEADER |
00000nab a2200000 a 4500 |
| 001 |
vtls000686021 |
| 003 |
SK-MaSNL |
| 005 |
20260302195456.0 |
| 008 |
180205c1999 xo 0 slo |
| 015 |
|
|
|a SNBRB1999/02-04493
|
| 035 |
|
|
|a CLN000038188
|
| 040 |
|
|
|a SNKBUCL
|b slo
|c SNKBUCL
|e AACR2
|
| 041 |
0 |
|
|a slo
|
| 044 |
|
|
|a xo
|c SK
|
| 080 |
|
|
|a 336.712(437.6):330.322
|2 UDC-MRF-SK2
|
| 100 |
1 |
|
|a Onuferová, Marianna
|4 aut
|9 838836
|
| 245 |
1 |
0 |
|a Ťažko skúšaná banka
|b investičná a rozvojová banka má nového núteného správcu : predchádzajúci správca totiž uzatvoril zmluvy s nevýhodnými cenovými a platobnými podmienkami pre banku : situáciu v banke teraz preveruje finančná polícia
|c Marianna Onuferová
|
| 300 |
|
|
|b Obr.
|
| 610 |
|
7 |
|a Investičná a rozvojová banka (Slovensko)
|2 snkbucl
|9 890878
|
| 655 |
|
7 |
|a články z novín a časopisov
|2 snkbucl
|9 267496
|
| 773 |
0 |
|
|t Profit
|g Roč. 7, č. 8 (1999), s. 18-19
|
| 850 |
|
|
|a Slovenská národná knižnica v Martine
|
| 852 |
|
|
|a SNK
|b KIS3GCP
|
| 958 |
|
|
|a RBX
|
| 999 |
|
|
|c 1452811
|d 1454741
|